"S" Cartoon trivia - Statistics

General Stats
  • This quiz has been taken 16 times
  • The average score is 3 of 10
Answer Stats
Hint Answer % Correct
Marge, Bart, Homer, Lisa, Maggie... Simpson
69%
___ Marsh, South Park Stan
56%
Alien in teen titans go Starfire
50%
Regular show groundskeeper Skips
31%
Gravity Falls store employee AKA Questiony the question mark Soos
31%
Sister to Morty, granddaughter to Rick. Summer
31%
We Bare Bears home assistant bot Shmorby
0%
Mutated Chimp from Dexter's laboratory Simion
0%
Adventure time, the ice kings VA Simon Petrikov
0%
Astrids dragon in riders of berk Stormfly
0%
No matching quizzes found
Score Distribution
Percent of People with Each Score
Percentile by Number Answered
Your Score History
You have not taken this quiz